000 01367 a2200241 4500
003 Nust
005 20221223113932.0
010 _a 86062918
020 _a0672224992 (pbk.) :
040 _cNust
082 0 0 _a621.388,GRA
100 1 _aGraf, Rudolf F.
_963715
245 1 0 _aVideo scrambling & descrambling for satellite & cable TV /
_cRudolf F. Graf & William Sheets.
250 _a1st ed.
260 _aIndianapolis, IN, USA :
_bH.W. Sams,
_cc1987.
300 _avii, 246 p. :
_bill. ;
_c28 cm.
505 _aIntroduction (Page-1), More Scrambling Systems and Future Possibilities (Page-9), Scrambling/Descrambling Techniques (Page-17), The SSAVI Systems (Page-33), Advanced Scrambling Methods (Page-41), Political Legal and Consumer Aspects (Page-49), Digitizing Audio and Video Signals (Page-55),Cable and Satellite Decoder Circuitry (Page-65), Commercial Satellite Encryption Sys (Page-91), Satellite TV and Interference (Page-97), Data Encryption Standard (Page-103), Manufactures Data Sheets (Page-119), U.S Patents and Scrambling Sys (Page-157), Technical Data (Page-209).
650 0 _aCable television
_xScrambling systems.
_9105748
650 0 _aDirect broadcast satellite television
_xScrambling systems.
_9105749
700 1 _aSheets, William.
_9103706
740 0 _aVideo scrambling and descrambling for satellite & cable TV.
942 _2ddc
_cBK
999 _c183284
_d183284